00489nam a2200157 a 45000010005000000030005000050050017000100080041000270400020000681000037000882450047001252600030001723000011002024900010002135000108002231412CDMR20131217143216.0130130s1969||||||||||||||||||||||||||||d aCDMRbcatcCDMR1 aClemente Balaguer, José Carlos10aHablando en MadridcJosé Carlos Clemente aBarcelonac1969bGrijalbo a193 p. aNorte aEntrevista a 27 espanyols de diferents professions residents a Madrid sobre temes polítics i socials